000 00426nam a2200169Ia 4500
008 180921t2017 xxu||||| |||| 00| 0 sin d
041 _asin
080 _a070.070 VICK
_bAMA
100 _aVickramasinghe, Sahan Kaseera
245 _aවචන 400
246 _aVachana 400
260 _bsarasavi publication
_aNugegoda
_c2017
300 _b88P, 21cm
942 _cBK
999 _c324
_d324
003 LK-CoDNM
040 _aLK-CoDNM
_dLK-CoDNM
_eLK-CoDNM